00394nam a2200157Ia 4500008004100000020001800041245002900059245005100088260001500139260001600154260000900170300001400179300002500193300001000218500000800228170705s9999 xx 000 0 und d a9780545415347 aI repeat, don't cheat! / cMargery Cuyler ; illustrated by Arthur Howard. aNew York : bScholastic, c2010 aunpaged : bcolor illustration ; c28cm. a490